Porovnanie úplných nákladov práce na Slovensku za roky 2010 - 2016 z pohľadu krajov bakalárska práca

Na minha lista:
Detalhes bibliográficos
Autor principal: Kollárová, Paulína
Autor Corporativo: Fakulta hospodárskej informatiky EU. Katedra štatistiky
Outros Autores: Bolgáč, Ján, 1959-
Formato: Livro
Idioma:eslovaco
Publicado em: Bratislava 2018
Tags: Adicionar Tag
Sem tags, seja o primeiro a adicionar uma tag!

MARC

LEADER 00000nbm a2200000 4500
001 0245321
005 20181010083543.9
041 0 |a slo 
044 |a SK 
245 1 0 |a Porovnanie úplných nákladov práce na Slovensku za roky 2010 - 2016 z pohľadu krajov  |b bakalárska práca  |c Paulína Kollárová ; školiteľ: Ján Bolgáč 
264 1 |a Bratislava  |c 2018 
300 |a 38 s. 
100 1 |a Kollárová, Paulína 
700 1 |a Bolgáč, Ján, 1959- 
710 2 |a Fakulta hospodárskej informatiky EU. Katedra štatistiky